000 00723nam a2200169 a 4500
008 120416s1973 ||||||||||||||||| || u
050 _aHC 800 Ony
100 _aOnyemelukwe, Clement Chukwukadibia
245 1 0 _aMen and management in contemporary Africa
260 _aLondon
_bLongman
_c1973
300 _axiii, 189p.
350 _a0.00
650 _aECONOMICS--PROJECT MANAGEMENT
650 0 _aECONOMICS
995 _aANNEX COLLECTION (Main Library)
_D0.00
_e710080
_FCBU-MAIN LIBRARY (Kitwe)
_H2
_I0.00
_jHC 800 Ony
_M1
_UAVAILABLE
_y003292
_ZAnnex Low-Usage Collection
995 _aANNEX COLLECTION (Main Library)
_D0.00
_e700125
_FCBU-MAIN LIBRARY (Kitwe)
_H1
_I0.00
_jHC 800 Ony
_M2
_UAVAILABLE
_y003291
_ZAnnex Low-Usage Collection
999 _c82863
_d82863